| 000 | 01151 a2200241 4500 | ||
|---|---|---|---|
| 005 | 20080827171144.0 | ||
| 008 | 080827t xxu||||| |||| 00| 0 eng d | ||
| 010 | _aENG-87328-29 | ||
| 020 |
_a8178241706 (set) _c1495.00 (set) |
||
| 035 | _aEN-70861-62 | ||
| 037 | _bDBAD / PUB | ||
| 082 | _a598 | ||
| 245 |
_aA bird's eye view _bthe collected essays and shorter writings of Salim Ali _cedited by Tara Gandhi |
||
| 260 |
_aDelhi _bPermanent Black _c2007 |
||
| 270 |
_aD-28, Oxford Apartmeants, 11, I.P.Extension _bDelhi _e100 092 |
||
| 300 |
_a2 V. (xix, 437p.; xi, 429p.) _c22cm (Hb) |
||
| 490 | _aPermanent Black nature, culture, conservation series/edited by Mahesh Rangarajan and K. Ullas Karanth | ||
| 500 | _aIncludes index, this book published in 2 vols.& set price is 1495.00 | ||
| 700 | _aGandhi, Tara | ||
| 942 |
_adpl _cEN _k598 / BIR _2ddc _h598 _mBIR |
||
| 999 |
_c6351 _d6351 |
||